<?xml version="1.0" encoding="utf-8"?>
<?xml-stylesheet type='text/xsl' href='./oai2.xsl'?>
<OAI-PMH xmlns="http://www.openarchives.org/OAI/2.0/" xmlns:xsi="http://www.w3.org/2001/XMLSchema-instance" xsi:schemaLocation="http://www.openarchives.org/OAI/2.0/ http://www.openarchives.org/OAI/2.0/OAI-PMH.xsd">
  <responseDate>2026-05-15T22:00:37Z</responseDate>
  <request verb="GetRecord" metadataPrefix="marcxml" identifier="record_kuniweb_1496484">https://kulturerbe.niedersachsen.de/oai</request>
  <GetRecord>
    <record>
      <header>
        <identifier>record_kuniweb_1496484</identifier>
        <datestamp>2026-03-31T19:09:18Z</datestamp>
        <setSpec>slg0290</setSpec>
      </header>
      <metadata>
        <marc:record xmlns:marc="http://www.loc.gov/MARC21/slim" xsi:schemaLocation="http://www.loc.gov/MARC21/slim http://www.loc.gov/standards/marcxml/schema/MARC21slim.xsd">
          <marc:leader>12345nrm  22     uu 4500</marc:leader>
          <marc:controlfield tag="001">1496484</marc:controlfield>
          <marc:controlfield tag="003">http://kuniweb.gbv.de</marc:controlfield>
          <marc:controlfield tag="005">2025-12-04T14:15:46</marc:controlfield>
          <marc:controlfield tag="008">|           ||||||||||||||||||||||</marc:controlfield>
          <marc:datafield tag="245" ind1="1" ind2="0">
            <marc:subfield code="a">A. Stukenbrok /  Rasiermesser</marc:subfield>
          </marc:datafield>
          <marc:datafield tag="720" ind1=" " ind2=" ">
            <marc:subfield code="a">Deutschland-Fahrrad-Werke August Stukenbrok &lt;Einbeck&gt;</marc:subfield>
          </marc:datafield>
          <marc:datafield tag="655" ind1=" " ind2="7">
            <marc:subfield code="a">Alltagskultur</marc:subfield>
          </marc:datafield>
          <marc:datafield tag="046" ind1=" " ind2=" ">
            <marc:subfield code="k">1920</marc:subfield>
            <marc:subfield code="k">ca. 1920</marc:subfield>
          </marc:datafield>
          <marc:datafield tag="260" ind1=" " ind2=" ">
            <marc:subfield code="g">1920</marc:subfield>
            <marc:subfield code="g">ca. 1920</marc:subfield>
          </marc:datafield>
          <marc:datafield tag="300" ind1=" " ind2=" ">
            <marc:subfield code="a">Länge: 15 cm (Messer, eingeklappt)
Länge: 23,8 cm (Messer, ausgeklappt)
Breite: 2,8 cm (Verpackung)
Höhe: 1,4 cm (Verpackung)
Länge: 16 cm (Verpackung)
Breite: 2 cm (Messer mit Griffschale, maximal)</marc:subfield>
          </marc:datafield>
          <marc:datafield tag="520" ind1=" " ind2=" ">
            <marc:subfield code="a">Rasiermesser zur Nassrasur aus dem Angebot der Firma August Stukenbrok, Einbeck.
Die längliche Klinge ist aus nicht rostfreiem Stahl mit Hohlschliff und Rundkopf gefertigt. 
Für die Lagerung und den Transport liegt das Messer in einer Griffschale aus Kunststoff und wird mit Hilfe eines Stiftes ausgeklappt. Der Griff besteht aus zwei schlichten, cremefarbigen Schalen mit der Aufschrift "Weltmeister". Die Griffschale wird  mit drei Stiften zusammengehalten
Das Rasiermesser ist in einer roten Verpackung aus Pappe mit Aufschrift verpackt. (Stadtmuseum Einbeck)

Aufdruck:
August Stukenbrok / Einbeck (auf der Verpackung)

Gravur:
145 Weltmeister / Otto Busch Solingen - Wald (auf dem Klingenschaft)

Verwendungszweck:
zur Entfernung der Barthaaren</marc:subfield>
          </marc:datafield>
          <marc:datafield tag="650" ind1="1" ind2=" ">
            <marc:subfield code="a">Gesundheitswesen, Körperpflege, Hygiene &gt; Badergerät &gt; Rasiermesser</marc:subfield>
          </marc:datafield>
          <marc:datafield tag="650" ind1="1" ind2=" ">
            <marc:subfield code="a">Rasiermesser</marc:subfield>
          </marc:datafield>
          <marc:datafield tag="773" ind1="0" ind2=" ">
            <marc:subfield code="t">Sammlung Konsumgeschichte</marc:subfield>
          </marc:datafield>
          <marc:datafield tag="852" ind1=" " ind2=" ">
            <marc:subfield code="a">Stadtmuseum Einbeck</marc:subfield>
          </marc:datafield>
          <marc:datafield tag="852" ind1=" " ind2=" ">
            <marc:subfield code="a">Buxtehude (Stade, Niedersachsen)</marc:subfield>
          </marc:datafield>
          <marc:datafield tag="852" ind1=" " ind2=" ">
            <marc:subfield code="a">Solingen (Düsseldorf, Nordrhein-Westfalen)</marc:subfield>
          </marc:datafield>
          <marc:datafield tag="" ind1=" " ind2=" ">
            <marc:subfield code="a">Namensnennung - Weitergabe unter gleichen Bedingungen 4.0 International (CC BY-SA 4.0)</marc:subfield>
          </marc:datafield>
        </marc:record>
      </metadata>
    </record>
  </GetRecord>
</OAI-PMH>
